La colmena

Shranjeno v:
Bibliografske podrobnosti
Glavni avtor: Cela, Camilo José (Author)
Format: Knjiga
Jezik:španščina
Izdano: Madrid RBA Coleccionables 2000
Serija:Historia de la Literatura
Teme:
Oznake: Označite
Brez oznak, prvi označite!

MARC

LEADER 00000nam a2200000 a 4500
001 UCH8426
003 CL-VaPUC
008 091127e20000000SP |||||||||||||||||spa|d
020 |a 8447301176 Historia de la Literatura 
020 |a 8447303837 La colmena 
082 0 4 |a 863  |b CEL  |2 21 
100 0 |a Cela, Camilo José  |e author  |9 320105 
245 1 3 |a La colmena 
300 |a 284 p 
942 |c BK 
945 |d 20091127 00:00:00 
260 |a Madrid  |b RBA Coleccionables  |c 2000 
650 0 |a Novelas españolas  |9 265052 
583 |a last modification  |c 20091127 00:00:00  |k Rodrigo Vera 
490 0 |a Historia de la Literatura 
999 |c 338640  |d 338638